00341pab a2200133 454500008004000000100001700040245007000057260000900127300001100136362000800147650002200155650001400177773001600191180718b1998 xxu||||| |||| 00| 0 eng d aVithal, C.P. aDevolution of powers and functions to panchayati raj institutions c1998 ap.8-12 aNov aPanchayat - India aPanchayat aKurukshetra